Los intelectuales mexicanos frente al poder estadounidense : (Registro nro. 25454)
[ vista simple ]
| 000 -LEADER | |
|---|---|
| fixed length control field | 00773cam a2200217 i 4500 |
| 001 - CONTROL NUMBER | |
| control field | 25454 |
| 003 - CONTROL NUMBER IDENTIFIER | |
| control field | Mx-PuUPA |
| 005 - DATE AND TIME OF LATEST TRANSACTION | |
| control field | 20250919131945.0 |
| 008 - FIXED-LENGTH DATA ELEMENTS--GENERAL INFORMATION | |
| fixed length control field | 140415s2011 mx gr 000 0 spa d |
| 020 ## - INTERNATIONAL STANDARD BOOK NUMBER | |
| International Standard Book Number | 9786074013580 |
| 040 ## - CATALOGING SOURCE | |
| Transcribing agency | Mx-PuUPA |
| 041 0# - LANGUAGE CODE | |
| Language code of text/sound track or separate title | spa |
| 082 04 - DEWEY DECIMAL CLASSIFICATION NUMBER | |
| Classification number | xx |
| Item number | xx |
| Edition number | 23 |
| 100 1# - MAIN ENTRY--PERSONAL NAME | |
| Personal name | Ochoa Bilbao, Luis |
| Relator term | autor |
| 9 (RLIN) | 6303 |
| 245 14 - TITLE STATEMENT | |
| Title | Los intelectuales mexicanos frente al poder estadounidense : |
| Remainder of title | el debate en la opinión pública a principios del siglo XXI / |
| Statement of responsibility, etc. | Luis Ochoa Bilbao |
| 250 ## - EDITION STATEMENT | |
| Edition statement | Primera edición / |
| Remainder of edition statement | marzo |
| 264 #1 - PRODUCTION, PUBLICATION, DISTRIBUTION, MANUFACTURE, AND COPYRIGHT NOTICE | |
| Place of production, publication, distribution, manufacture | México, D.F. : |
| Name of producer, publisher, distributor, manufacturer | Miguel Ángel Porrúa Editor, |
| Date of production, publication, distribution, manufacture, or copyright notice | ©2011 |
| 300 ## - PHYSICAL DESCRIPTION | |
| Extent | 266 páginas ; |
| Dimensions | 21 cm |
| 942 ## - ADDED ENTRY ELEMENTS (KOHA) | |
| Source of classification or shelving scheme | Dewey Decimal Classification |
| Koha item type | Libro |
| Classification part | xx |
| Item part | xx |
| Withdrawn status | Lost status | Source of classification or shelving scheme | Damaged status | Not for loan | Collection code | Home library | Current library | Shelving location | Date acquired | Source of acquisition | Total Checkouts | Full call number | Barcode | Date last seen | Price effective from | Koha item type |
|---|---|---|---|---|---|---|---|---|---|---|---|---|---|---|---|---|
| Dewey Decimal Classification | En catalogación | General | Biblioteca Karol Wojtyla | Biblioteca Karol Wojtyla | Procesos técnicos | 03/12/2013 | Donación | xx | 47383 | 19/06/2024 | 03/12/2013 | Libro |